| 000 | 00973nam a2200313Ia 4500 | ||
|---|---|---|---|
| 003 | OSt | ||
| 005 | 20221006145806.0 | ||
| 006 | a|||||r|||| 00| 0 | ||
| 007 | ta | ||
| 008 | 221006b |||||||| |||| 00| 0 eng d | ||
| 020 |
_c _12.50 |
||
| 024 | _a15,953 | ||
| 037 | _cTextual | ||
| 040 |
_aEASL _cEASL _beng |
||
| 041 |
_2eng _aeng |
||
| 082 | _aW.41.N5, K4 | ||
| 100 |
_aTUNG William L. _9110117 |
||
| 245 | 0 | _aPolitical institutions of modern China | |
| 260 |
_aHague _bMartinus Nijhoff _c1964 |
||
| 300 |
_a408p. _ccm. |
||
| 490 | _v RS | ||
| 650 |
_a Communism versus Nationalism _9655251 |
||
| 650 |
_a Hostilities Between China Japan _9655252 |
||
| 650 |
_a Mao Tse-tung - Political Thought _9655253 |
||
| 650 |
_a Nationalist Party in Power - Unification of China under Kuomintang programs _9655254 |
||
| 650 |
_aMonarchism Vs Republicanism _9655255 |
||
| 942 |
_hW.41.N5, K4 _cTEXL _2CC |
||
| 999 |
_c1084039 _d1084039 |
||